LEADER 02548nam0 22005173i 450 001 VAN0208178 005 20230609093037.862 017 70$2N$a9783319987941 100 $a20210824d2018 |0itac50 ba 101 $aeng 102 $aCH 105 $a|||| ||||| 200 1 $aAsymptotically Safe Gravity$eFrom Spacetime Foliation to Cosmology$eDoctoral Thesis accepted by Università degli studi di Catania, Italy, and Radboud University Nijmegen, The Netherlands$fAlessia Benedetta Platania 210 $aCham$cSpringer$d2018 215 $axv, 142 p.$cill.$d24 cm 410 1$1001VAN0104193$12001 $aSpringer theses$erecognizing outstanding Ph.D. research$1210 $aBerlin$cSpringer$d2010- 500 1$3VAN0208179$aAsymptotically Safe Gravity$92983486 606 $a00A79 (77-XX)$xPhysics [MSC 2020]$3VANC023182$2MF 606 $a83-XX$xRelativity and gravitational theory [MSC 2020]$3VANC023243$2MF 606 $a85A40$xCosmology [MSC 2020]$3VANC023267$2MF 606 $a83C57$xBlack holes [MSC 2020]$3VANC023271$2MF 606 $a83Fxx$xCosmology [MSC 2020]$3VANC023580$2MF 606 $a83C45$xQuantization of the gravitational field [MSC 2020]$3VANC023588$2MF 606 $a83C75$xSpace-time singularities, cosmic censorship, etc. [MSC 2020]$3VANC027394$2MF 606 $a81T17$xRenormalization group methods applied to problems in quantum field theory [MSC 2020]$3VANC036153$2MF 610 $aArnowitt-Deser-Misner (ADM) Formalism$9KW:K 610 $aAsymptotic Safety$9KW:K 610 $aCosmological Evolution$9KW:K 610 $aFoliated Spacetimes$9KW:K 610 $aGravitational Collapse$9KW:K 610 $aQuantum Black Holes$9KW:K 610 $aQuantum Gravity$9KW:K 610 $aQuantum Gravity-matter Systems$9KW:K 610 $aRenormalization Group$9KW:K 610 $aSpacetime Singularities$9KW:K 620 $aCH$dCham$3VANL001889 700 1$aPlatania$bAlessia B.$3VANV180115$0833858 712 $aSpringer $3VANV108073$4650 801 $aIT$bSOL$c20240614$gRICA 856 4 $uhttp://doi.org/10.1007/978-3-319-98794-1$zE-book ? Accesso al full-text attraverso riconoscimento IP di Ateneo, proxy e/o Shibboleth 899 $aBIBLIOTECA DEL DIPARTIMENTO DI MATEMATICA E FISICA$1IT-CE0120$2VAN08 912 $fN 912 $aVAN0208178 950 $aBIBLIOTECA DEL DIPARTIMENTO DI MATEMATICA E FISICA$d08CONS e-book 3460 $e08eMF3460 20210824 996 $aAsymptotically Safe Gravity$92983486 997 $aUNICAMPANIA LEADER 02184nam0 2200469 i 450 001 VAN00114594 005 20240806100752.160 017 70$2N$a978-981-10-0913-6 100 $a20180207d2016 |0itac50 ba 101 $aeng 102 $aSG 105 $a|||| ||||| 200 1 $aCurrent topics in summability theory and applications$fHemen Dutta, Billy E. Rhoades editors 210 $a[Singapore]$cSpringer$d2016 215 $aXIII, 431 p.$d24 cm 500 1$3VAN00242075$aCurrent topics in summability theory and applications$91523253 606 $a00B15$xCollections of articles of miscellaneous specific interest [MSC 2020]$3VANC023985$2MF 606 $a40-XX$xSequences, series, summability [MSC 2020]$3VANC020786$2MF 606 $a40Axx$xConvergence and divergence of infinite limiting processes [MSC 2020]$3VANC029225$2MF 606 $a40Cxx$xGeneral summability methods [MSC 2020]$3VANC033920$2MF 606 $a40Dxx$xDirect theorems on summability [MSC 2020]$3VANC033921$2MF 606 $a40Fxx$xAbsolute and strong summability [MSC 2020]$3VANC022022$2MF 606 $a40G05$xCesàro, Euler, Nörlund and Hausdorff methods [MSC 2020]$3VANC023167$2MF 610 $aAsymptotic expansions$9KW:K 610 $aBanach space$9KW:K 610 $aClassical Summability Theory$9KW:K 610 $aDegree of Approximation$9KW:K 610 $aIdeal Convergence$9KW:K 610 $aTauberian Theories$9KW:K 610 $aWavelet Transform$9KW:K 620 $aSG$dSingapore$3VANL000061 702 1$aDutta$bHemen$3VANV088660 702 1$aRhoades$bBilly E.$3VANV088661 712 $aSpringer $3VANV108073$4650 801 $aIT$bSOL$c20240906$gRICA 856 4 $uhttp://dx.doi.org/10.1007/978-981-10-0913-6$zE-book ? Accesso al full-text attraverso riconoscimento IP di Ateneo, proxy e/o Shibboleth 899 $aBIBLIOTECA CENTRO DI SERVIZIO SBA$2VAN15 912 $fN 912 $aVAN00114594 950 $aBIBLIOTECA CENTRO DI SERVIZIO SBA$d15CONS SBA EBOOK 2190 $e15EB 2190 20180207 996 $aCurrent topics in summability theory and applications$91523253 997 $aUNICAMPANIA